| 000 | 00609nam a2200169 a 4500 | ||
|---|---|---|---|
| 001 | 3713 | ||
| 003 | CDMR | ||
| 005 | 20151016124802.0 | ||
| 008 | 130130s1977||||||||||||||||||||||||||||d | ||
| 020 | _a8450025559 | ||
| 040 |
_aCDMR _bcat _cCDMR |
||
| 111 | 2 |
_aSemana Internacional de Estudios Superiores de Televisión _cMadrid _d1977 _n5ª _91189 |
|
| 245 | 1 | 0 |
_aV Semana Internacional de Estudios Superiores de Televisión _b: Madrid 23-26 mayo 1977 |
| 260 |
_aMadrid _c1977 _bInstituto Oficial de Radiodifusión y Televisión |
||
| 710 | 2 |
_92097 _aInstituto Oficial de Radio y Televisión (Espanya) |
|
| 942 |
_cMON _2udc |
||
| 999 |
_c3713 _d3713 |
||